|
|
|
|
| LEADER |
00000nam0a2200000 4500 |
| 001 |
283728 |
| 005 |
20231101235627.0 |
| 020 |
|
|
|a RU
|b 85-18278
|
| 035 |
|
|
|a (RuTPU)RU\TPU\book\307852
|
| 090 |
|
|
|a 283728
|
| 100 |
|
|
|a 20150210d1985 k y0rusy5003 ca
|
| 101 |
0 |
|
|a rus
|
| 102 |
|
|
|a RU
|
| 105 |
|
|
|a a z 101zy
|
| 200 |
1 |
|
|a Новые электронные приборы и устройства
|e материалы конференции
|f Общество "Знание" РСФСР ; Московский Дом научно-технической пропаганды
|
| 210 |
|
|
|a Москва
|c Изд-во МДНТП
|d 1985
|
| 215 |
|
|
|a 151 с.
|c ил.
|
| 320 |
|
|
|a Библиография в конце статей
|
| 606 |
1 |
|
|a Электронные приборы
|2 stltpush
|3 (RuTPU)RU\TPU\subj\20460
|9 45561
|
| 610 |
1 |
|
|a электронные устройства
|
| 610 |
1 |
|
|a микропроцессорные приборы
|
| 610 |
1 |
|
|a микро-ЭВМ
|
| 610 |
1 |
|
|a промышленные роботы
|
| 610 |
1 |
|
|a надежность
|
| 610 |
1 |
|
|a датчики
|
| 610 |
1 |
|
|a преобразователи
|
| 610 |
1 |
|
|a устройства автоматики
|
| 610 |
1 |
|
|a конференции
|
| 675 |
|
|
|a 621.38(063)
|z rus
|v 3
|
| 712 |
0 |
2 |
|a Общество "Знание" РСФСР
|c (Москва)
|2 stltpush
|3 (RuTPU)RU\TPU\col\7484
|
| 712 |
0 |
2 |
|a Московский Дом научно-технической пропаганды
|2 stltpush
|3 (RuTPU)RU\TPU\col\7885
|9 24405
|
| 801 |
|
0 |
|a RU
|b RuMRKP
|c 19950704
|g psbo
|
| 801 |
|
1 |
|a RU
|b 63413507
|c 20150210
|
| 801 |
|
2 |
|a RU
|b 63413507
|c 20170922
|g RCR
|
| 942 |
|
|
|c BK
|